000 02273cam a22003011i 4500
003 SA-RiAUC
005 20250917120203.0
008 250915s1999 su g f000u0 ara c
020 _a9960391308
040 _aSA-MaAOL
_bara
_cSA-RiAUC
_erda
082 0 4 _a213
_qSA-RiAUC
090 _a213
_bع ق ل
100 1 _aالعقل، ناصر بن عبد الكريم بن علي،
_d1371 هجري-
_eمؤلف.
245 1 0 _aأثر العلماء في تحقيق رسالة المسجد /
_cتأليف ناصر بن عبد الكريم العقل.
250 _aالطبعة الأولى.
264 1 _aالرياض :
_bوزارة الشؤون الإسلامية والأوقاف والدعوة والإرشاد،
_c1999
300 _a31 صفحة ؛‏
_c24 سم.
336 _aنص
_btxt
_2rdacontent
_3كتاب
337 _aبدون وسيط
_bn
_2rdamedia
338 _aمجلد
_bnc
_2rdacarrier
490 0 _aمنشورات وزارة الشؤون الإسلامية
650 7 _aالدعوة الإسلامية
_2aucsh
650 7 _aالمساجد
_2aucsh
856 _uhttp://saaid.net/book/open.php?cat=5&book=3172
_yExternal Link
_2 نرجو الانتباه لإمكانية وجود اختلاف في الطبعة أو الناشر بين البيانات على البوابة وما ستجده على الكتاب نظرا لمحدودية المعلومات المتاحة على الموقع الناشر للمادة.
_3Please note that there may be a difference in the edition or publisher between the data on the portal and the book due to the limited information available on the publisher website for the material.
856 _uhttp://www.saaid.net/book/9/2105.doc
_yDigital Copy
_2 نرجو الانتباه لإمكانية وجود اختلاف في الطبعة أو الناشر بين البيانات على البوابة وما ستجده على الكتاب نظرا لمحدودية المعلومات المتاحة على الموقع الناشر للمادة.
_3Please note that there may be a difference in the edition or publisher between the data on the portal and the book due to the limited information available on the publisher website for the material.
942 _2ddc
_cBOOK
_n0
949 _aSA-JeALM
_d250915
_umohamedma123
_n1
999 _c11840
_d11840